000 00281nam a2200121 a 4500
001 4144
005 20140414132034.0
008 090317s19uu xx 00 eng d
050 _aTR
_bSt7 2007
100 _aBerkner, Laurie
245 _aThe Story of my feelings.
999 _c113688
_d113688